| 000 | 00787nam a2200241 i 4500 | ||
|---|---|---|---|
| 001 | 000012932 | ||
| 003 | DO-SdBNP | ||
| 005 | 20240215092149.0 | ||
| 007 | ta | ||
| 008 | 091118s19? dr 001 0 spa d | ||
| 040 |
_aDO-SdBNP _bspa _cBNPHU _erda |
||
| 082 |
_bR311 _222 |
||
| 245 | 1 | 3 |
_aRecomendaciones para el cultivo de algodon : _bextractado del folleto "observaciones practica para el cultivo de algodon |
| 264 |
_aSan Juan, Puerto Rico : _bCafeteros de Puerto Rico, _cfecha no identificada |
||
| 300 |
_a11 paginas. ; _c19 cm. |
||
| 336 |
_2rdacontent _atexto _btxt |
||
| 337 |
_2rdamedia _asin mediación _bn |
||
| 338 |
_2rdacarrier _avolumen _bnc |
||
| 590 | _aInventariado,2024/DG | ||
| 650 |
_xTesis y disertaciones académicas _929840 |
||
| 910 | _aDG | ||
| 942 |
_2ddc _cLF2 |
||
| 999 |
_c55675 _d55675 |
||